000 00558nam a2200181Ia 4500
003 GCL
008 140319s9999 xx 000 0 ara d
040 _aGCL /
_cGCL
082 0 4 _a214.6
_bم م
100 1 _aمحمد محمود عبدالله
245 1 0 _aمع الطب فى القران الكريم /
_cمحمد محمود عبدالله
300 _a112 ص
490 _aالهيئة العامة للاستعلامات
_v0
650 0 4 _aالاسلام
650 0 4 _aالطب النبوى
650 0 4 _aالقران الكريم
942 _2ddc
_cBK
999 _c51825
_d51825